Preventing reading failure : prediction, diagnosis, intervention / (Record no. 617020)

000 -LEADER
fixed length control field 00456nam a22001457a 4500
020 ## - INTERNATIONAL STANDARD BOOK NUMBER
Qualifying information HB.
040 ## - CATALOGING SOURCE
Transcribing agency FIZZA ISHAQ
082 ## - DEWEY DECIMAL CLASSIFICATION NUMBER
Classification number 372.4
Author Mark KAT
100 ## - MAIN ENTRY--PERSONAL NAME
Personal name Katrina de Hirsch , Jeannette Jansky.
9 (RLIN) 134088
245 ## - TITLE STATEMENT
Title Preventing reading failure : prediction, diagnosis, intervention /
Statement of responsibility, etc. Jeannette Jansky, Katrina de Hirsch.
250 ## - EDITION STATEMENT
Edition statement 1st ed.
260 ## - PUBLICATION, DISTRIBUTION, ETC.
Place of publication, distribution, etc. New York :
Name of publisher, distributor, etc. Harper & Row,
Date of publication, distribution, etc. 1972.
300 ## - PHYSICAL DESCRIPTION
Extent xvi, 207 p. ;
Dimensions 22 cm.
942 ## - ADDED ENTRY ELEMENTS (KOHA)
Source of classification or shelving scheme
Koha item type Book
Holdings
Withdrawn status Lost status Source of classification or shelving scheme Damaged status Not for loan Permanent Location Current Location Shelving location Date acquired Total Checkouts Full call number Barcode Date last seen Price effective from Koha item type
          NUST Baluchistan Campus (NBC) NUST Baluchistan Campus (NBC) General Stacks 04/13/2026   372.4 KAT QD-769 04/13/2026 04/13/2026 Book
© 2023 Central Library, National University of Sciences and Technology. All Rights Reserved.